Isn't it obvious? / (Record no. 41203)

MARC details
000 -LEADER
fixed length control field 00749nam a22002177a 4500
005 - DATE AND TIME OF LATEST TRANSACTION
control field 20100812100051.0
010 ## - LCCN (DPL NO)
LC control number ENG-99776
020 ## - INTERNATIONAL STANDARD BOOK NUMBER
International Standard Book Number 9788185984339
Terms of availability 295.00
035 ## - SYSTEM CONTROL NUMBER
System control number EN-83308
037 ## - SOURCE OF ACQUISITION
Source of stock number/acquisition DBAD/PUB
082 ## - DEWEY DECIMAL CLASSIFICATION NUMBER
Classification number N
100 ## - MAIN ENTRY--PERSONAL NAME
Dates associated with a name Goldratt, Eliyahu M.
245 ## - TITLE STATEMENT
Title Isn't it obvious? /
Statement of responsibility, etc by Eliyathu M. Goldratt, Ilan Eshkoli and Joe Leer Brown
260 ## - PUBLICATION, DISTRIBUTION, ETC. (IMPRINT)
Place of publication, distribution, etc Madras
Name of publisher, distributor, etc Productivity & Quality Publishing
Date of publication, distribution, etc 2009
270 ## - ADDRESS
Address 38, Thanikachalam Road, T. Nagar
City Madras
Postal code 600017
300 ## - PHYSICAL DESCRIPTION
Extent 151p.
Dimensions 23cm (pbk)
700 ## - ADDED ENTRY--PERSONAL NAME
Personal name Eshkoli, Ilan
9 (RLIN) 11424
700 ## - ADDED ENTRY--PERSONAL NAME
Personal name Brown, Joe Leer
9 (RLIN) 11425
942 ## - ADDED ENTRY ELEMENTS (KOHA)
Source of classification or shelving scheme Dewey Decimal Classification
Item type English Books
Classification part N
Call number suffix GOL
Holdings
Withdrawn status Lost status Not for loan Collection code Home library Current library Date acquired Source of acquisition Cost, normal purchase price Full call number Barcode Copy number Cost, replacement price Koha item type
    Not For Loan Fiction D.B.Act.Division D.B.Act.Division 12/08/2010 DBAD/PUB 295.00 N GOL EN-83308 1 295.00 English Books

© Delhi Public Library
Hit Counter
free hit counter